000 00906nam a22002655i 4500
001 10621
003 ES-MaACL
005 20250713063705.0
007 t|
008 941021s1994 sp ||||0| spa j
020 _a84-339-0974-6
040 _aM-BN
_bspa
_cM-BN
080 _a821.134.1-31"19"
100 1 _aSagarra, Josep M. de,
_d1894-1961
_9101415
245 1 0 _aVida privada /
_cJosep Maria de Sagarra ; traducción y notas de José Agustín Goytisolo y Manuel Vázquez Montalbán.
260 _aBarcelona :
_bAnagrama,
_cD.L. 1994.
300 _a335 p ;
_c22 cm.
490 1 _aNarrativas hispánicas ;
_v164
700 1 _aGoytisolo, José Agustín,
_d1928-
_959420
700 0 _aVázquez Montalbán, Manuel,
_d1939-
_9113463
830 0 0 _aNarrativas hispánicas (Anagrama)
_v164
_9178124
852 _aES-MaACL
_jL-18026
_bR.123484
999 _c10621
_d10621